02125naa a2200253 a 450000100080000000500110000800800410001910000170006024501130007726000090019052013620019965300130156165300210157465300230159565300270161865300240164565300190166970000250168870000190171370000200173270000190175270000170177177300830178810610372008-09-30 2008 bl uuuu u00u1 u #d1 aPASSOS, S.R. aAtividade enzim??tica e perfil da comunidade bacteriana em solo submetido ?? solariza????o e biofumiga????o. c2008 aO objetivo deste trabalho foi avaliar o efeito da solariza????o e da biofumiga????o sobre a comunidade microbiana do solo, por meio da atividade da enzima beta-glicosidase e do perfil do 16S rDNA, determinado com PCR-DGGE. A solariza????o do solo, com cobertura de pl??stico, foi feita por per??odos de dois, quatro e seis meses, e a biofumiga????o foi realizada pela incorpora????o de 2 e 5% (v/v) de cama-de-frango ao solo. Logo ap??s a retirada da cobertura de pl??stico e aos 30 dias ap??s a remo????o, a atividade da beta-glicosidase foi menor em rela????o ao tratamento n??o solarizado. Aos 60 dias, n??o foram mais observadas diferen??as entre os tratamentos. A adi????o de cama-de-frango a 5% estimulou a atividade da beta-glicosidase. O perfil da estrutura da comunidade bacteriana foi influenciado pelo tempo de solariza????o, independentemente da ??poca da retirada da cobertura de pl??stico. N??o foi observado efeito da adi????o de cama-de-frango ao solo, no perfil da comunidade. A solariza????o afeta a atividade da beta-glicosidase, mas esses efeitos n??o s??o mais detect??veis ap??s 60 dias da retirada da cobertura de pl??stico, diferentemente do que foi observado em rela????o ?? estrutura da comunidade bacteriana por PCR-DGGE. A biofumiga????o estimula a atividade da beta-glicosidase, mas n??o afeta o perfil da comunidade microbiana. a16S rDNA aBeta-glicosidase aCama de galinheiro aDiversidade microbiana aEcologia microbiana aManejo do solo1 aREIS JUNIOR, F.B.dos1 aRUMJANEK, N.G.1 aMENDES, I.de C.1 aBAPTISTA, M.J.1 aXAVIER, G.R. tPesquisa Agropecu??ria Brasileira, Bras??liagv.43, n.7, p.879-885, jul. 2008.